000 00709nam a22002417a 4500
003 UA-OsUOA
001 54329
007 ta
008 20170830b un ||||| |||| 00| 0 ukr d
100 _aВергун І.
090 _a82-94
_bВ31
942 _cBK
040 _aUA-OsUOA
_bukr
_cUA-OsUOA
_dUA-OsUOA
245 _aЧужиною
_bспомин інженера-скитальця
300 _a155 с.
955 _a4
041 _aukr
080 _a82-94
260 _aДюнкерк
_c1992
650 7 _a82 Література. Літературознавство
_2UDC
999 _c434444
_d434444